Updated Top 5 Cities in New York by Population - Statistics

General Stats
  • This quiz has been taken 56 times
  • The average score is 4 of 5
Answer Stats
County City % Correct
Queens, Bronx, Richland, New York, and Kings New York City
98%
Erie Buffalo
90%
Monroe Rochester
76%
Onondaga Syracuse
65%
Westchester Yonkers
43%
No matching quizzes found
Score Distribution
Percent of People with Each Score
Percentile by Number Answered
Your Score History
You have not taken this quiz